[Event "Rottach Egern Seniors Cup 12th"]
[Site "Rottach Egern"]
[Date "2024.04.10"]
[Round "5"]
[White "Bogumil Schott, Edgar"]
[Black "Kaiser, Guenter"]
[Result "0-1"]
[WhiteElo "1870"]
[BlackElo "2001"]
[PlyCount "80"]
[EventDate "2024.04.06"]
[EventType "swiss"]
[EventRounds "9"]
[EventCountry "GER"]
[SourceTitle "CB16_2024"]
[SourceDate "2024.04.17"]
[SourceVersion "1"]
[SourceVersionDate "2024.04.17"]
[SourceQuality "1"]

1. d4 d5 2. Nc3 Nf6 3. Bf4 e6 4. Nb5 Bb4+ 5. c3 Ba5 6. e3 a6 7. Na3 0-0 8. Bd3 Nbd7 9. h3 c5 10. Bd6 Qb6 11. Bxf8 Qxb2 12. Nc2 Kxf8 13. Ne2 Bxc3+ 14. Kf1 c4 15. Rb1 Qxa2 16. Nxc3 Qa5 17. Qd2 cxd3 18. Qxd3 b5 19. f4 Bb7 20. Ra1 Qc7 21. Rc1 Rc8 22. Ne2 Nb6 23. g3 Nc4 24. Kg2 Qe7 25. Rhf1 b4 26. Kh2 g6 27. g4 Bc6 28. Ng3 Bb5 29. Rf2 Nb2 30. Qb3 Nd3 31. Rcf1 Rc3 32. Qb1 b3 33. Na1 Nxf2 34. Rxf2 Qa3 35. f5 Bd3 36. Qb2 Qxb2 37. Rxb2 Bc2 38. g5 Ne4 39. Nxe4 dxe4 40. f6 a5 0-1